000 02320nam a2200313 a 4500
008 120416s1980 ||||||||||||||||| || u
020 _a0201000970
050 _aHF 5635 Bel
100 _aRiahi-Belkaoui, Ahmed, 1943-
245 1 0 _aConceptual foundations of management accounting
260 _aReading, Mass:
_bAddison-Wesley
_c1980
300 _axii, 120p.: ill
350 _a0.00
490 _aAddison-Wesley Paperback series in accounting
500 _aIncludes bibliographies and index.
650 0 _aMANAGERIAL ACCOUNTING
700 _aBelkaovi, Ahmed, 1943-
995 _aANNEX COLLECTION (Main Library)
_D0.00
_e006240
_FCBU-MAIN LIBRARY (Kitwe)
_H4
_I7.60
_jHF 5635 Bel
_M3
_UAVAILABLE
_y006240
_ZAnnex Low-Usage Collection
995 _aTEXTBOOKS (SB)
_D0.00
_e1964
_FCBU-SCHOOL TEXTBOOK COLLECTIONS
_H1
_I0.00
_jSCHOOL TEXTBOOK
_M10
_UAVAILABLE
_WSep 18, 2009
_y1964
_ZSchool Collections
995 _aANNEX COLLECTION (Main Library)
_D0.00
_e006239
_FCBU-MAIN LIBRARY (Kitwe)
_H8
_I7.60
_jHF 5635 Bel
_M2
_UAVAILABLE
_y006239
_ZAnnex Low-Usage Collection
995 _aTEXTBOOKS (SB)
_D0.00
_e1967
_FCBU-SCHOOL TEXTBOOK COLLECTIONS
_H1
_I0.00
_jSCHOOL TEXTBOOK
_M13
_UAVAILABLE
_WSep 18, 2009
_y1967
_ZSchool Collections
995 _aTEXTBOOKS (SB)
_D0.00
_e1965
_FCBU-SCHOOL TEXTBOOK COLLECTIONS
_H1
_I0.00
_jSCHOOL TEXTBOOK
_M11
_UAVAILABLE
_WSep 18, 2009
_y1965
_ZSchool Collections
995 _aANNEX COLLECTION (Main Library)
_D0.00
_e006241
_FCBU-MAIN LIBRARY (Kitwe)
_H7
_I7.60
_jHF 5635 Bel
_M4
_UAVAILABLE
_y006241
_ZAnnex Low-Usage Collection
995 _aTEXTBOOKS (SB)
_D0.00
_e1963
_FCBU-SCHOOL TEXTBOOK COLLECTIONS
_H1
_I0.00
_jSCHOOL TEXTBOOK
_M9
_UAVAILABLE
_WSep 18, 2009
_y1963
_ZSchool Collections
995 _aMAIN LIBRARY OPEN ACCESS
_D0.00
_e006242
_FCBU-MAIN LIBRARY (Kitwe)
_H2
_I7.60
_jHF 5635 Bel
_M5
_UAVAILABLE
_y006242
_ZMain Library Open Access Collection
995 _aTEXTBOOKS (SB)
_D0.00
_e1966
_FCBU-SCHOOL TEXTBOOK COLLECTIONS
_H1
_I0.00
_jSCHOOL TEXTBOOK
_M12
_UAVAILABLE
_WSep 18, 2009
_y1966
_ZSchool Collections
995 _aANNEX COLLECTION (Main Library)
_D0.00
_e006243
_FCBU-MAIN LIBRARY (Kitwe)
_H3
_I7.60
_jHF 5635 Bel
_M6
_UAVAILABLE
_y006243
_ZAnnex Low-Usage Collection
995 _aMAIN LIBRARY OPEN ACCESS
_D0.00
_e006238
_FCBU-MAIN LIBRARY (Kitwe)
_H5
_I7.60
_jHF 5635 Bel
_M1
_UAVAILABLE
_y006238
_ZMain Library Open Access Collection
999 _c79715
_d79715